[Event "2016 South Wales International"]
[Site "Cardiff"]
[Date "2016.07.10"]
[Round "6"]
[Board "2"]
[White "Rudd, Jack"]
[Black "Gretarsson, Hjorvar Steinn"]
[Result "0-1"]
[WhiteElo "2213"]
[BlackElo "2550"]
[PlyCount "0"]
[EventDate "2016.07.07"]
[EventRounds "10"]
[EventCountry "WLS"]

1. d4 {[%clk 1:30:59]} Nf6 {[%clk 1:30:53]} 2. c4 {[%clk 1:31:21]} e6
{[%clk 1:31:15]} 3. Nc3 {[%clk 1:31:46]} Bb4 {[%clk 1:30:47]} 4. f3
{[%clk 1:32:07]} c5 {[%clk 1:29:47]} 5. d5 {[%clk 1:32:23]} b5 {[%clk 1:28:12]}
6. e4 {[%clk 1:31:24]} O-O {[%clk 1:28:26]} 7. Bg5 {[%clk 1:30:32]} h6
{[%clk 1:26:57]} 8. Bh4 {[%clk 1:30:37]} exd5 {[%clk 1:24:44]} 9. cxd5
{[%clk 1:30:23]} Re8 {[%clk 1:23:39]} 10. Nge2 {[%clk 1:29:06]} d6
{[%clk 1:22:51]} 11. Qc2 {[%clk 1:27:03]} Ba5 {[%clk 1:20:57]} 12. O-O-O
{[%clk 1:26:31]} Ba6 {[%clk 1:18:19]} 13. g4 {[%clk 1:24:30]} b4 {[%clk 1:16:13]}
14. Nb1 {[%clk 1:24:35]} Nbd7 {[%clk 1:16:01]} 15. Nd2 {[%clk 1:23:17]} Ne5
{[%clk 1:14:38]} 16. Ng3 {[%clk 1:22:21]} c4 {[%clk 1:11:04]} 17. Nf5
{[%clk 1:21:33]} b3 {[%clk 1:08:28]} 18. axb3 {[%clk 1:21:21]} cxb3
{[%clk 1:08:15]} 19. Qxb3 {[%clk 1:21:44]} Rb8 {[%clk 1:06:17]} 20. Qa2
{[%clk 1:20:50]} Nd3+ {[%clk 1:06:00]} 21. Bxd3 {[%clk 1:21:11]} Bxd3
{[%clk 1:06:18]} 22. b3 {[%clk 1:21:14]} Qc7+ {[%clk 0:51:48]} 23. Nc4
{[%clk 1:19:17]} Bxc4 {[%clk 0:51:59]} 24. bxc4 {[%clk 1:19:37]} Rec8
{[%clk 0:52:21]} 25. Rd4 {[%clk 1:19:11]} Bc3 {[%clk 0:51:07]} 26. Bxf6
{[%clk 1:15:33]} gxf6 {[%clk 0:50:13]} 27. Rd3 {[%clk 1:15:22]} Be5
{[%clk 0:50:12]} 28. Kd1 {[%clk 1:15:00]} Rb2 {[%clk 0:49:22]} 29. Qa6
{[%clk 1:15:07]} Rcb8 {[%clk 0:48:09]} 30. Re1 {[%clk 1:14:45]} Qc5
{[%clk 0:47:00]} 31. Ne3 {[%clk 1:14:15]} Rxh2 {[%clk 0:46:50]} 32. Kc1
{[%clk 1:14:32]} Rb1+ {[%clk 0:46:47]} 0-1

[Event "2016 South Wales International"]
[Site "Cardiff"]
[Date "2016.07.10"]
[Round "6"]
[Board "3"]
[White "Chatalbashev, Boris"]
[Black "Wells, Peter K"]
[Result "1/2-1/2"]
[WhiteElo "2545"]
[BlackElo "2419"]
[PlyCount "0"]
[EventDate "2016.07.07"]
[EventRounds "10"]
[EventCountry "WLS"]

1. d4 {[%clk 1:30:45]} d5 {[%clk 1:21:17]} 2. c4 {[%clk 1:30:53]} e6
{[%clk 1:21:42]} 3. Nc3 {[%clk 1:31:01]} c6 {[%clk 1:22:06]} 4. e4
{[%clk 1:30:25]} dxe4 {[%clk 1:22:31]} 5. Nxe4 {[%clk 1:30:51]} Bb4+
{[%clk 1:22:54]} 6. Bd2 {[%clk 1:31:16]} Qxd4 {[%clk 1:23:16]} 7. Bxb4
{[%clk 1:31:41]} Qxe4+ {[%clk 1:23:40]} 8. Be2 {[%clk 1:31:56]} Na6
{[%clk 1:23:42]} 9. Ba5 {[%clk 1:32:08]} b6 {[%clk 1:23:10]} 10. Qd6
{[%clk 1:28:37]} Bd7 {[%clk 1:22:01]} 11. Bc3 {[%clk 1:24:11]} f6
{[%clk 1:16:47]} 12. Nf3 {[%clk 1:17:30]} Nc5 {[%clk 1:10:33]} 13. Rd1
{[%clk 1:10:51]} O-O-O {[%clk 1:05:55]} 14. b4 {[%clk 1:09:08]} Nb7
{[%clk 1:02:07]} 15. Qg3 {[%clk 0:52:28]} Qg6 {[%clk 0:51:12]} 16. a4
{[%clk 0:48:27]} e5 {[%clk 0:37:44]} 17. a5 {[%clk 0:47:45]} bxa5
{[%clk 0:29:37]} 18. bxa5 {[%clk 0:47:57]} Nh6 {[%clk 0:28:16]} 19. Qxg6
{[%clk 0:24:47]} hxg6 {[%clk 0:28:27]} 20. Nh4 {[%clk 0:25:03]} Bf5
{[%clk 0:19:45]} 21. O-O {[%clk 0:24:10]} Rxd1 {[%clk 0:10:24]} 22. Rxd1
{[%clk 0:24:32]} Rd8 {[%clk 0:10:33]} 23. Rxd8+ {[%clk 0:19:31]} Kxd8
{[%clk 0:10:59]} 24. Bb4 {[%clk 0:10:28]} c5 {[%clk 0:11:11]} 25. Bd2
{[%clk 0:10:48]} a6 {[%clk 0:04:02]} 26. g3 {[%clk 0:06:11]} g5 {[%clk 0:02:23]}
27. Ng2 {[%clk 0:06:19]} Be4 {[%clk 0:01:46]} 28. f3 {[%clk 0:05:50]} Bc6
{[%clk 0:01:44]} 29. g4 {[%clk 0:04:45]} Nf7 {[%clk 0:01:14]} 30. Ne3
{[%clk 0:04:57]} Nfd6 {[%clk 0:01:01]} 31. Nd5 {[%clk 0:05:07]} Ne8
{[%clk 0:00:43]} 32. Kf2 {[%clk 0:01:38]} Nc7 {[%clk 0:01:05]} 33. Nxc7
{[%clk 0:01:55]} Kxc7 {[%clk 0:01:33]} 34. Kg3 {[%clk 0:02:21]} Be8
{[%clk 0:01:13]} 35. Bd3 {[%clk 0:02:27]} Bf7 {[%clk 0:01:26]} 36. Be3
{[%clk 0:01:44]} Kd6 {[%clk 0:01:40]} 37. Bd2 {[%clk 0:02:08]} Kc7
{[%clk 0:01:51]} 38. Be3 {[%clk 0:02:32]} Kd6 {[%clk 0:02:12]} 39. Bd2
{[%clk 0:02:57]} Kd7 {[%clk 0:02:26]} 40. Be3 {[%clk 0:02:31]} Nxa5
{[%clk 0:01:34]} 41. Bxc5 {[%clk 0:29:56]} Bxc4 {[%clk 0:26:01]} 42. Bf5+
{[%clk 0:29:41]} Be6 {[%clk 0:21:05]} 43. Bd3 {[%clk 0:29:43]} Nb3
{[%clk 0:16:57]} 44. Bf8 {[%clk 0:20:26]} Ke8 {[%clk 0:16:22]} 45. Ba3
{[%clk 0:07:25]} a5 46. Bb5+ {[%clk 0:08:01]} Bd7 {[%clk 0:10:11]} 47. Bd3
{[%clk 0:07:45]} Nd4 {[%clk 0:10:43]} 48. Bg6+ Kd8 49. Bf8 {[%clk 0:08:10]} Bc6
{[%clk 0:07:53]} 50. h4 {[%clk 0:07:22]} gxh4+ {[%clk 0:08:13]} 51. Kxh4
{[%clk 0:07:53]} Ne6 52. Ba3 Bxf3 {[%clk 0:08:24]} 53. Bf7 {[%clk 0:07:39]} Ng5
{[%clk 0:07:09]} 54. Bb3 {[%clk 0:07:48]} Bc6 {[%clk 0:07:17]} 55. Bc2
{[%clk 0:07:39]} Nf3+ {[%clk 0:07:05]} 56. Kg3 {[%clk 0:07:47]} Nd4
{[%clk 0:07:02]} 57. Bd1 {[%clk 0:08:11]} Kd7 {[%clk 0:05:25]} 58. Kh4
{[%clk 0:08:17]} Ke6 {[%clk 0:05:04]} 59. Bf8 {[%clk 0:08:26]} g5+
{[%clk 0:03:27]} 60. Kg3 {[%clk 0:08:23]} Bb5 {[%clk 0:02:47]} 61. Kf2
{[%clk 0:08:39]} f5 {[%clk 0:02:17]} 62. gxf5+ {[%clk 0:08:31]} Kxf5
{[%clk 0:02:02]} 63. Bc5 {[%clk 0:08:49]} Kf4 {[%clk 0:02:03]} 64. Ba3
{[%clk 0:08:59]} g4 {[%clk 0:02:04]} 65. Bc1+ {[%clk 0:08:53]} Kf5
{[%clk 0:02:32]} 66. Bd2 {[%clk 0:08:10]} a4 {[%clk 0:02:54]} 67. Bb4
{[%clk 0:07:58]} Bc6 {[%clk 0:02:11]} 68. Kg3 {[%clk 0:08:11]} Nf3
{[%clk 0:02:06]} 69. Be2 {[%clk 0:07:34]} e4 {[%clk 0:01:44]} 70. Ba6
{[%clk 0:07:22]} Bd7 {[%clk 0:01:29]} 71. Bd6 {[%clk 0:03:49]} Ke6
{[%clk 0:00:45]} 72. Ba3 {[%clk 0:03:55]} Ke5 {[%clk 0:00:43]} 73. Bb2+
{[%clk 0:04:02]} Kf5 {[%clk 0:01:07]} 74. Be2 {[%clk 0:03:58]} e3
{[%clk 0:01:04]} 75. Bxf3 {[%clk 0:03:44]} gxf3 {[%clk 0:01:13]} 76. Kxf3
{[%clk 0:04:10]} e2 1/2-1/2

[Event "2016 South Wales International"]
[Site "Cardiff"]
[Date "2016.07.10"]
[Round "6"]
[Board "5"]
[White "Nielsen, Lars Aaes"]
[Black "Byron, Alan M"]
[Result "1/2-1/2"]
[WhiteElo "2234"]
[BlackElo "2136"]
[PlyCount "0"]
[EventDate "2016.07.07"]
[EventRounds "10"]
[EventCountry "WLS"]

1. e4 {[%clk 1:30:54]} c6 {[%clk 1:30:47]} 2. c4 {[%clk 1:31:19]} d5
{[%clk 1:31:06]} 3. cxd5 {[%clk 1:31:46]} cxd5 {[%clk 1:31:29]} 4. exd5
{[%clk 1:32:14]} Nf6 {[%clk 1:31:45]} 5. Bb5+ {[%clk 1:32:41]} Nbd7
{[%clk 1:31:24]} 6. Nc3 {[%clk 1:33:06]} a6 {[%clk 1:31:35]} 7. Bxd7+
{[%clk 1:33:30]} Qxd7 {[%clk 1:31:53]} 8. Nf3 {[%clk 1:33:56]} Nxd5
{[%clk 1:31:50]} 9. O-O {[%clk 1:34:20]} e6 {[%clk 1:25:32]} 10. Re1
{[%clk 1:34:43]} Nxc3 {[%clk 1:22:04]} 11. bxc3 {[%clk 1:34:35]} Bd6
{[%clk 1:22:02]} 12. Qb3 {[%clk 1:33:37]} O-O {[%clk 1:21:52]} 13. a4
{[%clk 1:33:44]} Qc7 {[%clk 1:15:14]} 14. d4 {[%clk 1:30:11]} Bd7
{[%clk 1:10:39]} 15. c4 {[%clk 1:23:57]} b6 {[%clk 1:07:56]} 16. Bb2
{[%clk 1:17:18]} Rac8 {[%clk 1:00:28]} 17. Rac1 {[%clk 1:02:36]} Bf4
{[%clk 0:55:38]} 18. Rc3 {[%clk 0:59:34]} Rfe8 {[%clk 0:34:00]} 19. Ne5
{[%clk 0:51:13]} Bxe5 {[%clk 0:19:58]} 20. Rxe5 {[%clk 0:51:29]} Qc6
{[%clk 0:20:08]} 21. a5 {[%clk 0:45:23]} bxa5 {[%clk 0:20:28]} 22. Qc2
{[%clk 0:38:44]} f5 {[%clk 0:14:27]} 23. Rxa5 {[%clk 0:33:54]} Qb6
{[%clk 0:13:30]} 24. Ra2 {[%clk 0:29:26]} Rb8 {[%clk 0:13:37]} 25. h4
{[%clk 0:25:21]} Bc6 {[%clk 0:07:56]} 26. Rg3 {[%clk 0:22:01]} Be4
{[%clk 0:07:38]} 27. Qc1 {[%clk 0:21:30]} Rb7 {[%clk 0:05:54]} 28. Rga3
{[%clk 0:08:33]} Ra7 {[%clk 0:04:57]} 29. f3 {[%clk 0:07:11]} Bb7
{[%clk 0:04:46]} 30. Kh1 {[%clk 0:06:41]} Raa8 {[%clk 0:04:46]} 31. Qc3
{[%clk 0:06:19]} Qd8 {[%clk 0:04:45]} 32. Qe1 {[%clk 0:06:32]} Rc8
{[%clk 0:03:44]} 1/2-1/2

[Event "2016 South Wales International"]
[Site "Cardiff"]
[Date "2016.07.10"]
[Round "6"]
[Board "6"]
[White "Braun, Walter"]
[Black "Jones, Steven A"]
[Result "0-1"]
[WhiteElo "2207"]
[BlackElo "2186"]
[PlyCount "0"]
[EventDate "2016.07.07"]
[EventRounds "10"]
[EventCountry "WLS"]

1. d4 {[%clk 1:30:56]} Nf6 {[%clk 1:30:46]} 2. g3 {[%clk 1:31:18]} d5
{[%clk 1:30:43]} 3. Bg2 {[%clk 1:31:40]} c6 {[%clk 1:30:46]} 4. Nf3
{[%clk 1:32:02]} Bf5 {[%clk 1:31:00]} 5. O-O {[%clk 1:32:26]} h6 {[%clk 1:31:21]}
6. b3 {[%clk 1:32:44]} e6 {[%clk 1:31:27]} 7. Bb2 {[%clk 1:33:10]} Nbd7
{[%clk 1:29:52]} 8. c4 {[%clk 1:33:34]} Be7 {[%clk 1:21:59]} 9. Nc3
{[%clk 1:33:58]} Bh7 {[%clk 1:21:04]} 10. Re1 {[%clk 1:34:21]} O-O
{[%clk 1:21:02]} 11. Nd2 {[%clk 1:30:51]} Qb6 {[%clk 1:06:25]} 12. e4
{[%clk 1:29:46]} Nxe4 {[%clk 1:06:26]} 13. Ncxe4 {[%clk 1:29:55]} dxe4
{[%clk 1:06:49]} 14. Nxe4 {[%clk 1:27:28]} Nf6 {[%clk 1:06:53]} 15. d5
{[%clk 1:27:26]} Bxe4 {[%clk 1:04:54]} 16. Bxe4 {[%clk 1:26:53]} cxd5
{[%clk 1:04:18]} 17. cxd5 {[%clk 1:27:16]} exd5 {[%clk 1:04:22]} 18. Bd3
{[%clk 1:21:29]} Bc5 {[%clk 1:00:15]} 19. Kg2 {[%clk 1:17:20]} Rfe8
{[%clk 0:56:37]} 20. Rf1 {[%clk 0:50:51]} Ne4 {[%clk 0:40:07]} 21. Qh5
{[%clk 0:36:27]} Bd4 {[%clk 0:37:07]} 22. Bxd4 {[%clk 0:36:47]} Qxd4
{[%clk 0:37:30]} 23. Rad1 {[%clk 0:37:11]} Qe5 {[%clk 0:35:55]} 24. Qxe5
{[%clk 0:32:50]} Rxe5 {[%clk 0:34:18]} 25. Rc1 {[%clk 0:32:53]} b6
{[%clk 0:26:56]} 26. Rc7 {[%clk 0:32:29]} Nc5 {[%clk 0:26:41]} 27. Rd1
{[%clk 0:30:57]} a5 {[%clk 0:23:55]} 28. f4 {[%clk 0:23:11]} Re6 {[%clk 0:21:09]}
29. Kf3 {[%clk 0:23:21]} Rd6 {[%clk 0:18:19]} 30. Bb5 {[%clk 0:22:29]} Rad8
{[%clk 0:17:30]} 31. f5 {[%clk 0:18:48]} Rf6 {[%clk 0:17:36]} 32. g4
{[%clk 0:19:13]} g6 {[%clk 0:17:52]} 33. Rc6 {[%clk 0:19:37]} Ne6
{[%clk 0:16:11]} 34. Ke3 {[%clk 0:14:43]} gxf5 {[%clk 0:15:33]} 35. gxf5
{[%clk 0:15:09]} Rxf5 {[%clk 0:14:06]} 36. Rxb6 {[%clk 0:15:32]} Rh5
{[%clk 0:12:39]} 37. Rg1+ {[%clk 0:15:30]} Kf8 {[%clk 0:12:48]} 38. Rf1
{[%clk 0:14:50]} d4+ {[%clk 0:11:52]} 39. Kf3 {[%clk 0:14:06]} d3
{[%clk 0:06:23]} 40. Bc4 {[%clk 0:12:35]} Rf5+ {[%clk 0:06:10]} 41. Kg2
{[%clk 0:11:16]} Rxf1 {[%clk 0:06:31]} 42. Kxf1 {[%clk 0:11:38]} d2
{[%clk 0:06:57]} 0-1

[Event "2016 South Wales International"]
[Site "Cardiff"]
[Date "2016.07.10"]
[Round "6"]
[Board "7"]
[White "L'ami, Alina"]
[Black "Morcom, Huw"]
[Result "1-0"]
[WhiteElo "2339"]
[BlackElo "1952"]
[PlyCount "0"]
[EventDate "2016.07.07"]
[EventRounds "10"]
[EventCountry "WLS"]

1. d4 {[%clk 1:30:57]} g6 {[%clk 1:30:44]} 2. c4 {[%clk 1:31:23]} Bg7
{[%clk 1:30:23]} 3. Nc3 {[%clk 1:31:02]} f5 {[%clk 1:28:14]} 4. h4
{[%clk 1:29:39]} Nf6 {[%clk 1:24:47]} 5. h5 {[%clk 1:28:17]} d6 {[%clk 1:22:14]}
6. h6 {[%clk 1:26:01]} Bf8 {[%clk 1:22:35]} 7. Bg5 {[%clk 1:24:50]} e6
{[%clk 1:17:45]} 8. e4 {[%clk 1:04:03]} fxe4 {[%clk 1:17:52]} 9. Bxf6
{[%clk 1:03:14]} Qxf6 {[%clk 1:18:12]} 10. Nxe4 {[%clk 1:03:36]} Qf5
{[%clk 1:12:41]} 11. Bd3 {[%clk 1:02:13]} Qa5+ {[%clk 1:05:21]} 12. Nc3
{[%clk 1:01:07]} Be7 {[%clk 1:03:57]} 13. Nf3 {[%clk 0:57:21]} Nd7
{[%clk 0:56:26]} 14. Qb1 {[%clk 0:45:46]} c6 {[%clk 0:47:31]} 15. b4
{[%clk 0:43:15]} Qc7 {[%clk 0:47:13]} 16. Bxg6+ {[%clk 0:42:01]} 1-0

[Event "2016 South Wales International"]
[Site "Cardiff"]
[Date "2016.07.10"]
[Round "6"]
[Board "8"]
[White "Jaunooby, Ali R"]
[Black "Martin, Lewis"]
[Result "0-1"]
[WhiteElo "2158"]
[BlackElo "2053"]
[PlyCount "0"]
[EventDate "2016.07.07"]
[EventRounds "10"]
[EventCountry "WLS"]

1. d4 {[%clk 1:18:25]} Nf6 {[%clk 1:30:51]} 2. c4 {[%clk 1:18:11]} g6
{[%clk 1:31:12]} 3. f3 {[%clk 1:18:17]} Bg7 {[%clk 1:30:32]} 4. e4
{[%clk 1:18:37]} d6 {[%clk 1:30:59]} 5. Be3 {[%clk 1:18:55]} O-O {[%clk 1:31:18]}
6. Bd3 {[%clk 1:18:10]} e5 {[%clk 1:24:06]} 7. d5 {[%clk 1:18:16]} Ne8
{[%clk 1:22:23]} 8. g4 {[%clk 1:17:52]} f5 {[%clk 1:20:00]} 9. gxf5
{[%clk 1:15:42]} gxf5 {[%clk 1:20:21]} 10. exf5 {[%clk 1:16:06]} Bxf5
{[%clk 1:20:07]} 11. Nc3 {[%clk 1:16:26]} Qh4+ {[%clk 1:17:49]} 12. Bf2
{[%clk 1:16:07]} Qg5 {[%clk 1:16:31]} 13. Bxf5 {[%clk 1:11:45]} Rxf5
{[%clk 1:15:34]} 14. h4 {[%clk 1:05:27]} Qf4 {[%clk 1:12:21]} 15. Ne4
{[%clk 0:59:57]} Nd7 {[%clk 1:08:14]} 16. Qe2 {[%clk 0:56:02]} Bh6
{[%clk 1:03:02]} 17. Rh3 {[%clk 0:43:54]} Ng7 {[%clk 0:57:32]} 18. Rg3
{[%clk 0:42:50]} Rf7 {[%clk 0:56:37]} 19. Nh3 {[%clk 0:42:54]} Qf5
{[%clk 0:56:58]} 20. Nhg5 {[%clk 0:42:50]} Re7 {[%clk 0:54:25]} 21. Be3
{[%clk 0:40:39]} Nf6 {[%clk 0:47:12]} 22. O-O-O {[%clk 0:34:33]} Nfh5
{[%clk 0:45:08]} 23. Rg4 {[%clk 0:33:16]} b6 {[%clk 0:40:40]} 24. Rdg1
{[%clk 0:32:44]} Rd8 {[%clk 0:32:57]} 25. Ne6 {[%clk 0:32:09]} Rxe6
{[%clk 0:31:51]} 26. dxe6 {[%clk 0:32:21]} Qxe6 {[%clk 0:32:10]} 27. Bxh6
{[%clk 0:28:14]} Qxh6+ {[%clk 0:32:32]} 28. Qd2 {[%clk 0:28:32]} Qxd2+
{[%clk 0:30:57]} 29. Kxd2 {[%clk 0:28:59]} Rf8 {[%clk 0:30:02]} 30. Rg5
{[%clk 0:27:36]} Kh8 {[%clk 0:29:41]} 31. Ke3 {[%clk 0:27:29]} Nf5+
{[%clk 0:28:29]} 32. Kd2 {[%clk 0:26:15]} Nxh4 {[%clk 0:23:58]} 33. Rf1
{[%clk 0:21:12]} Nf4 {[%clk 0:23:48]} 34. Rg4 {[%clk 0:20:52]} Nhg6
{[%clk 0:23:13]} 35. Rh1 {[%clk 0:20:49]} Kg7 {[%clk 0:22:29]} 36. Ng5
{[%clk 0:18:53]} h6 {[%clk 0:19:54]} 37. Ne4 {[%clk 0:18:54]} Re8
{[%clk 0:17:03]} 38. Ng3 {[%clk 0:19:05]} Rf8 {[%clk 0:16:41]} 39. b4
{[%clk 0:17:25]} Ne6 {[%clk 0:15:04]} 40. Nh5+ {[%clk 0:16:40]} Kh7
{[%clk 0:15:22]} 41. Rhg1 {[%clk 0:16:52]} Ng5 {[%clk 0:15:10]} 42. Ke2
{[%clk 0:16:22]} Rf7 {[%clk 0:10:34]} 43. b5 {[%clk 0:13:18]} Rf8
{[%clk 0:18:37]} 44. R1g3 {[%clk 0:38:36]} a5 {[%clk 0:18:26]} 45. bxa6
{[%clk 0:38:05]} Ra8 {[%clk 0:18:46]} 46. f4 {[%clk 0:34:09]} exf4
{[%clk 0:18:38]} 47. Ra3 {[%clk 0:33:32]} f3+ {[%clk 0:17:11]} 48. Kf1
{[%clk 0:32:30]} Ne5 {[%clk 0:17:00]} 49. Rh4 {[%clk 0:28:26]} Ne6
{[%clk 0:15:43]} 50. a7 {[%clk 0:24:52]} Kg6 {[%clk 0:07:48]} 51. Nf4+
{[%clk 0:24:59]} Nxf4 {[%clk 0:08:12]} 52. Rxf4 {[%clk 0:25:28]} Kg5
{[%clk 0:08:29]} 53. Re4 {[%clk 0:22:13]} Kf5 {[%clk 0:08:42]} 54. Rd4
{[%clk 0:22:29]} Ke6 {[%clk 0:08:43]} 55. Rh4 {[%clk 0:22:14]} Kd7
{[%clk 0:08:59]} 56. Ra4 {[%clk 0:20:01]} Kc6 {[%clk 0:08:20]} 57. Rxh6
{[%clk 0:19:43]} Kb7 {[%clk 0:08:34]} 58. Rh7 {[%clk 0:19:57]} Nc6
{[%clk 0:07:38]} 59. Ra3 {[%clk 0:16:59]} Rxa7 {[%clk 0:05:23]} 60. Rxa7+
{[%clk 0:15:58]} Nxa7 {[%clk 0:05:48]} 61. Rf7 {[%clk 0:15:46]} Nc6
{[%clk 0:06:03]} 62. Rxf3 {[%clk 0:16:05]} Ne5 {[%clk 0:06:19]} 63. Rf4
{[%clk 0:10:30]} Kc6 {[%clk 0:06:44]} 64. Ke2 {[%clk 0:10:26]} Kc5
{[%clk 0:07:10]} 65. Kd2 {[%clk 0:10:27]} Nxc4+ {[%clk 0:07:32]} 66. Kc3
{[%clk 0:10:52]} b5 {[%clk 0:06:15]} 67. Rf8 {[%clk 0:09:30]} d5 {[%clk 0:06:17]}
68. Rd8 {[%clk 0:09:28]} b4+ {[%clk 0:04:52]} 69. Kb3 {[%clk 0:09:40]} Na3
{[%clk 0:04:07]} 70. Ra8 {[%clk 0:08:19]} Nb5 {[%clk 0:04:06]} 71. Ra5
{[%clk 0:08:16]} c6 {[%clk 0:04:13]} 72. Ra6 {[%clk 0:06:56]} d4 {[%clk 0:03:17]}
73. Kc2 {[%clk 0:05:22]} Kd5 {[%clk 0:03:04]} 74. Rb6 {[%clk 0:04:45]} Na3+
{[%clk 0:03:00]} 75. Kd3 {[%clk 0:04:17]} c5 {[%clk 0:03:10]} 76. Rb8
{[%clk 0:04:32]} Nc4 {[%clk 0:03:15]} 77. Rd8+ {[%clk 0:02:50]} Nd6
{[%clk 0:03:40]} 78. Rh8 {[%clk 0:02:41]} c4+ {[%clk 0:03:57]} 79. Ke2
{[%clk 0:02:49]} Nf7 {[%clk 0:0

[Event "2016 South Wales International"]
[Site "Cardiff"]
[Date "2016.07.10"]
[Round "6"]
[Board "9"]
[White "Ralphs, Nigel"]
[Black "Brown, Thomas"]
[Result "1-0"]
[WhiteElo "2000"]
[BlackElo "2107"]
[PlyCount "0"]
[EventDate "2016.07.07"]
[EventRounds "10"]
[EventCountry "WLS"]

1. e4 {[%clk 1:30:55]} c6 {[%clk 1:30:50]} 2. d4 {[%clk 1:30:55]} d5
{[%clk 1:31:15]} 3. e5 {[%clk 1:30:57]} Bf5 {[%clk 1:31:39]} 4. Nf3
{[%clk 1:31:15]} e6 {[%clk 1:32:00]} 5. Be2 {[%clk 1:31:40]} Nd7 {[%clk 1:32:21]}
6. O-O {[%clk 1:31:55]} Ne7 7. Nbd2 {[%clk 1:25:51]} h6 {[%clk 1:32:30]} 8. Nb3
{[%clk 1:23:23]} Bh7 {[%clk 1:32:32]} 9. Bd2 {[%clk 1:15:00]} Ng6
{[%clk 1:31:15]} 10. Re1 {[%clk 1:09:32]} Be7 {[%clk 1:30:51]} 11. g3
{[%clk 1:02:07]} O-O {[%clk 1:27:54]} 12. Bd3 {[%clk 0:52:52]} c5
{[%clk 1:22:54]} 13. Nxc5 {[%clk 0:45:00]} Bxc5 {[%clk 1:16:12]} 14. dxc5
{[%clk 0:45:18]} Nxc5 {[%clk 1:16:35]} 15. Bf1 {[%clk 0:43:10]} f6
{[%clk 1:06:51]} 16. Bb4 {[%clk 0:31:34]} b6 {[%clk 1:05:02]} 17. Bg2
{[%clk 0:30:29]} fxe5 {[%clk 1:03:53]} 18. Bxc5 {[%clk 0:28:36]} bxc5
{[%clk 1:03:27]} 19. Nxe5 {[%clk 0:28:15]} Nxe5 {[%clk 0:48:23]} 20. Rxe5
{[%clk 0:28:29]} Qf6 {[%clk 0:42:43]} 21. f4 {[%clk 0:27:43]} Rab8
{[%clk 0:42:55]} 22. b3 {[%clk 0:25:30]} g5 {[%clk 0:37:07]} 23. Rxe6
{[%clk 0:20:53]} Qc3 {[%clk 0:31:12]} 24. Qxd5 {[%clk 0:19:24]} Qxa1+
{[%clk 0:30:30]} 25. Re1+ 1-0

[Event "2016 South Wales International"]
[Site "Cardiff"]
[Date "2016.07.10"]
[Round "6"]
[Board "10"]
[White "Whitehead, Mark A"]
[Black "Ivekovic, Tihana"]
[Result "1-0"]
[WhiteElo "1969"]
[BlackElo "2129"]
[PlyCount "0"]
[EventDate "2016.07.07"]
[EventRounds "10"]
[EventCountry "WLS"]

1. e4 {[%clk 1:30:57]} c5 {[%clk 1:30:57]} 2. Nc3 {[%clk 1:31:04]} Nc6
{[%clk 1:31:22]} 3. g3 {[%clk 1:31:25]} g6 {[%clk 1:31:48]} 4. Bg2
{[%clk 1:31:47]} Bg7 {[%clk 1:32:12]} 5. d3 {[%clk 1:32:10]} d6 {[%clk 1:32:37]}
6. Nh3 {[%clk 1:31:20]} Nf6 {[%clk 1:29:41]} 7. O-O {[%clk 1:28:59]} O-O
{[%clk 1:30:04]} 8. Nf4 {[%clk 1:25:12]} Rb8 {[%clk 1:27:56]} 9. Nfd5
{[%clk 1:14:50]} b5 {[%clk 1:20:49]} 10. f4 {[%clk 1:07:09]} Nd4 {[%clk 1:12:58]}
11. Nxf6+ {[%clk 1:03:16]} Bxf6 {[%clk 1:10:59]} 12. Nd5 {[%clk 1:00:42]} Bg7
{[%clk 1:10:37]} 13. c3 {[%clk 0:52:00]} Nc6 {[%clk 1:00:28]} 14. a3
{[%clk 0:47:43]} e6 {[%clk 0:59:19]} 15. Ne3 {[%clk 0:48:03]} Ne7
{[%clk 0:59:44]} 16. Bd2 {[%clk 0:35:49]} a5 {[%clk 0:59:07]} 17. g4
{[%clk 0:34:52]} f5 {[%clk 0:57:37]} 18. h3 {[%clk 0:31:40]} Kh8 {[%clk 0:51:21]}
19. Qe2 {[%clk 0:26:43]} Bd7 {[%clk 0:30:44]} 20. Rae1 {[%clk 0:23:51]} Bc6
{[%clk 0:24:49]} 21. exf5 {[%clk 0:22:41]} Bxg2 {[%clk 0:25:10]} 22. Nxg2
{[%clk 0:23:03]} gxf5 {[%clk 0:25:02]} 23. Qxe6 {[%clk 0:23:18]} Rb7
{[%clk 0:25:11]} 24. g5 {[%clk 0:20:52]} b4 {[%clk 0:24:46]} 25. axb4
{[%clk 0:14:39]} axb4 {[%clk 0:25:10]} 26. h4 {[%clk 0:14:27]} Nc8
{[%clk 0:19:16]} 27. h5 {[%clk 0:13:34]} bxc3 {[%clk 0:19:24]} 28. bxc3
{[%clk 0:11:33]} Rb2 {[%clk 0:15:51]} 29. Qe3 {[%clk 0:08:42]} Rc2
{[%clk 0:13:02]} 30. Rc1 {[%clk 0:07:10]} Rxc1 {[%clk 0:12:33]} 31. Rxc1
{[%clk 0:07:33]} h6 {[%clk 0:10:35]} 32. Nh4 {[%clk 0:07:46]} Re8
{[%clk 0:10:55]} 33. Qf3 {[%clk 0:07:43]} Qd7 {[%clk 0:09:13]} 34. Qd5
{[%clk 0:04:33]} Re2 {[%clk 0:05:02]} 35. Be1 {[%clk 0:04:17]} Ne7
{[%clk 0:01:17]} 36. Qa8+ {[%clk 0:03:41]} Nc8 {[%clk 0:01:08]} 37. Bf2
{[%clk 0:01:13]} Qe6 {[%clk 0:01:25]} 38. Rb1 {[%clk 0:00:46]} Rxf2
{[%clk 0:00:42]} 39. Kxf2 {[%clk 0:00:58]} Bxc3 {[%clk 0:01:08]} 40. Ng6+
{[%clk 0:00:53]} Kg8 {[%clk 0:00:45]} 41. Ne7+ {[%clk 0:00:54]} Kf7
{[%clk 0:29:14]} 42. Qxc8 {[%clk 0:30:02]} Bd4+ {[%clk 0:29:40]} 43. Kf1
{[%clk 0:30:05]} Qa2 {[%clk 0:28:40]} 44. Qg8+ {[%clk 0:30:23]} 1-0